KOHA-Header-6

Mane na Mane (Record no. 12472)

000 -LEADER
fixed length control field 00185nam a22000977a 4500
020 ## - INTERNATIONAL STANDARD BOOK NUMBER
ISBN 978-969-562-2
082 ## - DEWEY DECIMAL CLASSIFICATION NUMBER
Classification number 891.43
100 ## - MAIN ENTRY--AUTHOR NAME
Personal name Dell Karnegi
245 ## - TITLE STATEMENT
Title Mane na Mane
942 ## - ADDED ENTRY ELEMENTS (KOHA)
Koha item type Books
Holdings
Withdrawn status Lost status Collection code Permanent Location Current Location Shelving location Date acquired Full call number Accession Number Koha item type
    Urdu Literature MAJU MAJU   2020-08-12 891.43 1520 Urdu Literature

Powered by Koha